000 00416nam a2200157Ia 4500
008 230711s9999||||xx |||||||||||||| ||und||
041 _aENG
082 _a624
_bWI-R
100 _aWinkler,Peter
245 0 _aRemote sensing for monitoring the changing environment of europe
250 _a1st Ed.
260 _c1993
_aNew Delhi
_bA A Balkema Publishers
300 _a304
650 _aCivil Engineering
942 _cBK
999 _c2420
_d2420